|
|
|
|
| LEADER |
00000cam a2200000 c 4500 |
| 001 |
02658445X |
| 003 |
DE-627 |
| 005 |
20260206201702.0 |
| 007 |
tu |
| 008 |
870512s1987 gw ||||| 00| ||ger c |
| 015 |
|
|
|a 87,A33,0108
|2 dnb
|
| 016 |
7 |
|
|a 870059807
|2 DE-101
|
| 020 |
|
|
|a 3495476040
|9 3-495-47604-0
|
| 035 |
|
|
|a (DE-627)02658445X
|
| 035 |
|
|
|a (DE-603)005430666
|
| 035 |
|
|
|a (DE-576)012462284
|
| 035 |
|
|
|a (DE-599)GBV02658445X
|
| 035 |
|
|
|a (OCoLC)16856332
|
| 035 |
|
|
|a (AT-OBV)AC01509856
|
| 040 |
|
|
|a DE-627
|b ger
|c DE-627
|e rakwb
|
| 041 |
|
|
|a ger
|
| 044 |
|
|
|c XA-DE
|
| 050 |
|
0 |
|a BD450
|
| 082 |
0 |
|
|a 128
|q LOC
|2 19
|
| 084 |
|
|
|a 10
|2 sdnb
|
| 084 |
|
|
|a 1
|2 ssgn
|
| 084 |
|
|
|a CC 6600
|2 rvk
|0 (DE-625)rvk/17661:
|
| 084 |
|
|
|a CC 6400
|2 rvk
|0 (DE-625)rvk/17659:
|
| 084 |
|
|
|a MR 7100
|2 rvk
|0 (DE-625)rvk/123539:
|
| 084 |
|
|
|a BF 8050
|2 rvk
|0 (DE-625)rvk/11165:
|
| 084 |
|
|
|2 rvk
|0 (DE-625)rvk17661
|
| 084 |
|
|
|a 08.36
|2 bkl
|
| 100 |
1 |
|
|a Rombach, Heinrich
|d 1923-2004
|0 (DE-588)118973215
|0 (DE-627)079753612
|0 (DE-576)210572957
|4 aut
|
| 109 |
|
|
|a Rombach, Heinrich 1923-2004
|
| 245 |
1 |
0 |
|a Strukturanthropologie
|b "Der menschl. Mensch"
|c Heinrich Rombach
|
| 264 |
|
1 |
|a Freiburg (Breisgau)
|a München
|b Alber
|c 1987
|
| 300 |
|
|
|a 439 S.
|b Ill.
|
| 336 |
|
|
|a Text
|b txt
|2 rdacontent
|
| 337 |
|
|
|a ohne Hilfsmittel zu benutzen
|b n
|2 rdamedia
|
| 338 |
|
|
|a Band
|b nc
|2 rdacarrier
|
| 583 |
1 |
|
|a Archivierung/Langzeitarchivierung gewährleistet
|f SSG
|x XA-DE-BW
|2 pdager
|5 DE-21
|
| 650 |
|
0 |
|a Philosophical Anthropology
|
| 689 |
0 |
0 |
|d s
|0 (DE-588)4058125-1
|0 (DE-627)104377143
|0 (DE-576)209124997
|a Struktur
|2 gnd
|
| 689 |
0 |
1 |
|d s
|0 (DE-588)4045798-9
|0 (DE-627)106200232
|0 (DE-576)20906689X
|a Philosophische Anthropologie
|2 gnd
|
| 689 |
0 |
|
|5 DE-101
|
| 856 |
4 |
2 |
|u http://d-nb.info/870059807/04
|m B:DE-101
|q application/pdf
|v 20130501
|x Verlag
|3 Inhaltsverzeichnis
|7 1
|
| 856 |
4 |
2 |
|u http://scans.hebis.de/HEBCGI/show.pl?00543066_toc.pdf
|m V:DE-605
|q application/pdf
|3 Inhaltsverzeichnis
|7 1
|
| 889 |
|
|
|w (DE-627)273598201
|
| 935 |
|
|
|a mteo
|
| 935 |
|
|
|i Blocktest
|
| 935 |
|
|
|h HEB
|i 0501
|
| 935 |
|
|
|h HEB
|i 0503
|
| 936 |
r |
v |
|a CC 6600
|b Abhandlungen
|k Philosophie
|k Systematische Philosophie
|k Philosophische Anthropologie
|k Abhandlungen
|0 (DE-627)1270639021
|0 (DE-625)rvk/17661:
|0 (DE-576)200639021
|
| 936 |
r |
v |
|a CC 6400
|b Geschichte der Anthropologie
|k Philosophie
|k Systematische Philosophie
|k Philosophische Anthropologie
|k Geschichte der Anthropologie
|0 (DE-627)1270639005
|0 (DE-625)rvk/17659:
|0 (DE-576)200639005
|
| 936 |
r |
v |
|a MR 7100
|b Kultursystem, Kulturbegriff (auch theoretische Kulturanthropologie) und Kulturvergleich; Kultursoziologie allgemein
|k Soziologie
|k Sozialwissenschaftliche Theorien und Methoden
|k Kulturelle Ansätze
|k Kultursystem, Kulturbegriff (auch theoretische Kulturanthropologie) und Kulturvergleich; Kultursoziologie allgemein
|0 (DE-627)1270917625
|0 (DE-625)rvk/123539:
|0 (DE-576)200917625
|
| 936 |
r |
v |
|a BF 8050
|b Anthropologie
|k Theologie und Religionswissenschaften
|k Philosophie
|k Systematische Philosophie
|k Anthropologie
|0 (DE-627)1270683276
|0 (DE-625)rvk/11165:
|0 (DE-576)200683276
|
| 936 |
r |
v |
|0 (DE-625)rvk17661
|
| 936 |
b |
k |
|a 08.36
|j Philosophische Anthropologie
|0 (DE-627)106403060
|
| 936 |
s |
n |
|a b100
|2 mzub
|
| 936 |
s |
n |
|a c100
|2 mzub
|
| 936 |
s |
n |
|a m200
|2 mzub
|
| 951 |
|
|
|a BO
|
| ELC |
|
|
|b 1
|
| LOK |
|
|
|0 000 xxxxxcx a22 zn 4500
|
| LOK |
|
|
|0 001 3251407856
|
| LOK |
|
|
|0 003 DE-627
|
| LOK |
|
|
|0 004 02658445X
|
| LOK |
|
|
|0 005 20140617105955
|
| LOK |
|
|
|0 008 131106||||||||||||||||ger|||||||
|
| LOK |
|
|
|0 040
|a DE-21-110
|c DE-627
|d DE-21-110
|
| LOK |
|
|
|0 689
|a s
|a Strukturanthropologie
|
| LOK |
|
|
|0 689
|a s
|a Philosophische Anthropologie
|
| LOK |
|
|
|0 689
|a s
|a Menschenbild
|
| LOK |
|
|
|0 852
|z Kein Bestand am IfK; Nachweis für KrimDok
|
| LOK |
|
|
|0 852
|a DE-21-110
|
| LOK |
|
|
|0 852 1
|m v
|9 00
|
| LOK |
|
|
|0 935
|a k110
|
| LOK |
|
|
|0 938
|k v
|
| LOK |
|
|
|0 939
|a 06-11-13
|b l01
|
| ORI |
|
|
|a SA-MARC-krimdoka001.raw
|